000 00254nam a22001217a 4500
003 SGT
082 _a616.0757
_bS07M
100 _aMANTKE, RENE
245 _aSURGICAL ULTRASOUND
260 _aNEW YORK
_bTHIEME
_c2007
300 _a429
942 _2ddc
_cBK
999 _c14575
_d14575